| 000 | 00952nam a2200289 a 4500 | ||
|---|---|---|---|
| 001 | 797 | ||
| 003 | BR-CuiBMT | ||
| 005 | 20231120051031.0 | ||
| 008 | 231108s2015 baba 000 0 por d | ||
| 020 | _a8544204414 | ||
| 040 |
_aBR-CuiBMT _cBR-CuiBMT |
||
| 080 |
_a336.22 _22007 |
||
| 090 |
_a336.22 _bC355t _c2. ed. |
||
| 100 | 1 | _aCastro, Eduardo Moreira Lima Rodrigues de | |
| 245 | 1 | 0 |
_aTributos em espécie / _cEduardo Moreira Lima Rodrigues de Castro, Helton Kramer Lustoza, Marcus de Freitas Gouvêa. |
| 250 | _a2. ed., rev., ampl. e atual. | ||
| 260 |
_aSalvador : _bJusPODIVM, _c2015. |
||
| 300 |
_a818 p.: _bil. ; _c24 cm |
||
| 504 | _aInclui bibliografia. | ||
| 650 |
_aDireito tributário _xTeoria geral |
||
| 650 |
_aCompetência tributária _xImpostos |
||
| 650 | _aDireito financeiro | ||
| 650 |
_aImpostos _xJurisprudência |
||
| 700 | _aLustoza, Helton Kramer | ||
| 700 |
_aGouvêa, Marcus de Freitas, _d1974- |
||
| 942 |
_2udc _cLV |
||
| 999 |
_c797 _d797 |
||